000 00757cam a2200277 4500
999 _c173327
_d173327
001 2662355
003 Nust
005 20180723055215.0
008 700609s1970 mau 000 1 eng
010 _a 72099907
020 _a8129111675
_cRs. 122
020 _a9788129111678
038 _aArshad
040 _aDLC
_cDLC
_dDLC
050 0 0 _aPZ3.L8938
_bNo
_aPS3523.O645
082 0 0 _a813.52
_bCAR
100 1 _aCartland, Barbara
_911921
245 1 0 _aNo time for love
_cby Barbara Cartland
260 _aBoston,
_bLittle, Brown
_c1975
300 _a171 p.
_c20 cm.
350 _a4.95
655 7 _aDidactic fiction.
_2gsafd
_91062
655 7 _aLove stories.
_2gsafd
_9418
906 _a7
_bcbc
_corignew
_du
_encip
_f19
_gy-gencatlg
942 _2ddc
_cBK